Los cien errores en la comunicación de las organizaciones / (Record no. 193277)
[ view plain ]
| 000 -LEADER | |
|---|---|
| campo de control de longitud fija | 03156cam a2200433 i 4500 |
| 001 - NÚMERO DE CONTROL | |
| campo de control | 193277 |
| 003 - IDENTIFICADOR DE NÚMERO DE CONTROL | |
| campo de control | SpMaBN |
| 005 - FECHA Y HORA DE LA ÚLTIMA TRANSACCIÓN | |
| campo de control | 20250709194557.0 |
| 007 - CAMPO FIJO DE DESCRIPCIÓN FÍSICA--INFORMACIÓN GENERAL | |
| campo de control de longitud fija | ta |
| 008 - DATOS DE LONGITUD FIJA--INFORMACIÓN GENERAL | |
| campo de control de longitud fija | 110802s2011 sp | |||| 001 0 spa |
| 017 ## - NÚMERO DE COPYRIGHT O DE DEPÓSITO LEGAL | |
| Número de copyright o de depósito legal | M 20935-2011 |
| Agencia que asigna | Oficina Depósito Legal Madrid |
| 020 ## - NÚMERO INTERNACIONAL ESTÁNDAR DEL LIBRO | |
| Número Internacional Estándar del Libro | 9788473567664 |
| 035 ## - NÚMERO DE CONTROL DEL SISTEMA | |
| Número de control de sistema | (OCoLC)751682188 |
| 035 ## - NÚMERO DE CONTROL DEL SISTEMA | |
| Número de control de sistema | a5091438 |
| 040 ## - FUENTE DE CATALOGACIÓN | |
| Centro catalogador/agencia de origen | SpMaBN |
| Lengua de catalogación | spa |
| Centro/agencia transcriptor | SpMaBN |
| Normas de descripción | rdc |
| 080 ## - NÚMERO DE LA CLASIFICACIÓN DECIMAL UNIVERSAL | |
| Número de la Clasificación Decimal Universal | 658.012.6 |
| 100 1# - ENTRADA PRINCIPAL--NOMBRE DE PERSONA | |
| Nombre de persona | Arroyo, Luis, |
| Fechas asociadas al nombre | 1969- |
| Número de control del registro de autoridad o número normalizado | XX1640887 |
| Término indicativo de función/relación | Autor |
| 9 (RLIN) | 234072 |
| 245 14 - MENCIÓN DEL TÍTULO | |
| Título | Los cien errores en la comunicación de las organizaciones / |
| Mención de responsabilidad, etc. | Luis Arroyo, Magali Yus |
| 250 ## - MENCION DE EDICION | |
| Mención de edición | 4ª edición |
| 260 ## - PUBLICACIÓN, DISTRIBUCIÓN, ETC. | |
| Lugar de publicación, distribución, etc. | Pozuelo de Alarcón, Madrid : |
| Nombre del editor, distribuidor, etc. | ESIC, |
| Fecha de publicación, distribución, etc. | 2011 |
| 300 ## - DESCRIPCIÓN FÍSICA | |
| Extensión | 345 páginas ; |
| Dimensiones | 22 cm |
| 336 ## - TIPO DE CONTENIDO | |
| Fuente | rdacontent |
| Término de tipo de contenido | Texto |
| 337 ## - TIPO DE MEDIO | |
| Fuente | rdamedia |
| Nombre/término del tipo de medio | sin mediación |
| 338 ## - TIPO DE SOPORTE | |
| Fuente | rdacarrier |
| Nombre/término del tipo de soporte | volumen |
| 490 1# - MENCIÓN DE SERIE | |
| Mención de serie | Divulgación |
| 500 ## - NOTA GENERAL | |
| Nota general | Índice analítico |
| 504 ## - NOTA DE BIBLIOGRAFÍA, ETC. | |
| Nota de bibliografía, etc. | Bibliografía: páginas 332-337 |
| 520 ## - RESUMEN, ETC. | |
| Sumario, etc. | ¿Cómo preparar una comparecencia ante cien ciudadanos que no sabes qué van a preguntar? ¿Cómo puede una sola palabra desbaratar una rueda de prensa? ¿Cuáles son los trucos milenarios para elaborar un discurso? ¿Debemos desmentir un rumor que circula en Internet? ¿Cómo puede aprovecharse el cierre de filas que se produce con los gobiernos cuando hay crisis? ¿De qué forma logra una empresa o una institución pequeña cobertura en televisión? ¿Están las redes sociales cambiando de verdad la manera de comunicar? Aquí se encuentran cientos de ejemplos, casos y consejos muy prácticos en un recorrido divertido, pero también muy solvente y formativo, por las áreas de la comunicación y las relaciones públicas. Se abordan aspectos tácticos, como las relaciones con los medios de comunicación, la oratoria, la telegenia y, en esta cuarta edición de manera especial, la comunicación en Internet. Pero hay también recogidas ideas y recomendaciones estratégicas: por ejemplo, sobre comunicación de crisis, transparencia, responsabilidad social corporativa o sobre la expansión de las ideas. ¿A quién se dirige? A cualquier persona interesada en mejorar la comunicación de su organización. No se requieren conocimientos previos de comunicación, puesto que el libro está escrito con extraordinaria amenidad y siempre con casos ilustrativos. Será muy útil también para los profesionales de la comunicación, puesto que aporta ideas muy innovadoras y transgresoras sobre la comunicación corporativa contemporánea. |
| 650 #4 - PUNTO DE ACCESO ADICIONAL DE MATERIA--TÉRMINO DE MATERIA | |
| Término de materia o nombre geográfico como elemento de entrada | Comunicación en las organizaciones |
| Fuente del encabezamiento o término | embne |
| 9 (RLIN) | 11194 |
| 700 1# - ENTRADA AGREGADA--NOMBRE PERSONAL | |
| Nombre de persona | Yus, Magali |
| 9 (RLIN) | 234407 |
| Término indicativo de función/relación | Autor |
| 830 ## - PUNTO DE ACCESO ADICIONAL DE SERIE-TÍTULO UNIFORME | |
| 9 (RLIN) | 191745 |
| Título uniforme | Divulgación |
| 852 ## - LOCALIZACIÓN | |
| Ubicación | ES-MaACL |
| Sublocalización o colección | R. 154681 |
| Ubicación en estantería | Depósito J |
| Número de control de estantería | N-9455 |
| itemnumber | 200708 |
| Encuadernación | Encuadernación rústica con solapas |
| Anotaciones manuscritas | Dedicatoria autógrafa del autor |
| Donativo/Legado | Donación: Luis Arroyo |
| 903 ## - NOMBRE PERSONAL DE DONANTE | |
| a | Arroyo, Luis, |
| d | 1969- |
| e | Donante |
| 9 | 234072 |
| 942 ## - ELEMENTOS DE ENTRADA SECUNDARIOS (KOHA) | |
| Suprimir en OPAC | No |
| Tipo de ítem Koha | Libro impreso |
| Estatus retirado | Estado de pérdida | Fuente del sistema de clasificación o colocación | Estado de daño | No para préstamo | Colección | Biblioteca de origen | Biblioteca actual | Ubicación en estantería | Fecha de adquisición | Fuente de adquisición | Número de control de estantería | Total de préstamos | Signatura topográfica completa | Código de barras | Visto por última vez | Tipo de ítem Koha | Nota pública |
|---|---|---|---|---|---|---|---|---|---|---|---|---|---|---|---|---|---|
| Clasificación decimal universal | Libros con dedicatorias | Biblioteca del Ateneo de Madrid | Biblioteca del Ateneo de Madrid | Depósito J | 27/10/2023 | Donación | Ateneísta | N-9455 | 101205996 | 27/10/2023 | Libro impreso | Dedicatoria autógrafa del autor |
